000 00767pam a2200217 a 4500
020 _a0521324505
020 _a0521310113 (pbk.)
040 _cDLC
082 0 0 _a599 CAM 1986 A062 Or.
_a599.8/0438
110 2 _aInternational Primatological Society.
245 1 0 _aPrimate evolution /
260 _aCambridge [Cambridgeshire] ;
_aNew York :
_bCambridge University Press,
_c1986.
300 _axvii, 333 p. :
_bill. ;
_c24 cm.
490 1 _aSelected proceedings of the Tenth Congress of the International Primatological Society : held in Nairobi, Kenya, in July, 1984 ;
650 0 _aPrimates
650 0 _aMammals
700 1 _aElse, James G.
700 1 _aLee, Phyllis C.
856 4 2 _uhttp://www.loc.gov/catdir/description/cam032/86008292.html
942 _cEK
999 _c14590
_d14590